Religion, God, and Islam (Record no. 1988)

MARC details
000 -LEADER
fixed length control field 00735 a2200217 4500
010 ## - LIBRARY OF CONGRESS CONTROL NUMBER
LC control number ENG-85309
020 ## - INTERNATIONAL STANDARD BOOK NUMBER
International Standard Book Number 8189233467
Terms of availability 450.00
035 ## - SYSTEM CONTROL NUMBER
System control number EN-68842
037 ## - SOURCE OF ACQUISITION
Source of stock number/acquisition D.B.Act / Pub
082 14 - DEWEY DECIMAL CLASSIFICATION NUMBER
Classification number 230.61
090 ## - LOCALLY ASSIGNED LC-TYPE CALL NUMBER (OCLC); LOCAL CALL NUMBER (OCLC)
-- 2022
-- 2022
100 1# - MAIN ENTRY--PERSONAL NAME
Personal name Sher, Syed Osman
245 1# - TITLE STATEMENT
Title Religion, God, and Islam
Statement of responsibility, etc by Syed Osman Sher.
260 ## - PUBLICATION, DISTRIBUTION, ETC. (IMPRINT)
Place of publication, distribution, etc New Delhi :
Name of publisher, distributor, etc Regency Publications,
Date of publication, distribution, etc 2006.
270 ## - ADDRESS
Address 20/36-G, West Patel Nagar
City New Delhi
Postal code 110 008
Telephone number 011-42484101, 011-65462898
Fax number 011-25884571
Electronic mail address regency@satyam.net.in
300 ## - PHYSICAL DESCRIPTION
Extent x, 188 p.
Dimensions 22 cm. (Pbk.)
650 #0 - SUBJECT ADDED ENTRY--TOPICAL TERM
Topical term or geographic name as entry element God (Islam)
650 #0 - SUBJECT ADDED ENTRY--TOPICAL TERM
Topical term or geographic name as entry element Religions.
942 ## - ADDED ENTRY ELEMENTS (KOHA)
Institution code [OBSOLETE] dpl
Koha item type English Books
Call number prefix 230.61 / SYE
Holdings
Withdrawn status Lost status Source of classification or shelving scheme Damaged status Not for loan Collection code Home library Current library Source of acquisition Cost, normal purchase price Total Checkouts Full call number Barcode Date last seen Copy number Uniform Resource Identifier Cost, replacement price Price effective from Koha item type
    Dewey Decimal Classification   Not For Loan Non-fiction D.B.Act.Division D.B.Act.Division DBAD/PUB 450.00   230.61 EN-68842 15/09/2008 1 2102 450.00 15/09/2008 English Books

© Delhi Public Library
Hit Counter
free hit counter